Statistics for Multiple Choice Anime Quiz

Click here to take the quiz!

General Stats

  • This quiz has been taken 422 times
    (419 since last reset)
  • The average score is 10 of 30

Answer Stats

QuestionOptionsAnswer Number% Correct
Which shinigami dropped his notebook in the human world?Grell SutcliffRyuk
96%
Which anime fits the description: The appearance of "quirks," newly discovered super powers, has been steadily increasing over the years, with 80 percent of humanity possessing various abilities from manipulation of elements to shapeshifting. This leaves the remainder of the world completely powerless, and Izuku Midoriya is one such individual.My Hero AcademiaMy Hero Academia
87%
Which anime has the OP 'Kyouran Hey Kids!!' ?Angel BeatsNoragami
87%
From which anime is the quote "People die when they are killed." ?Fate/stay NightFate/Stay Night
86%
Yuno Gasai and Yukiteru Amano both feature in which anime?Corpse PartyMirai Nikki
86%
Type in the missing word of the anime title: The _________ of Haruhi SuzumiyaDejectionMelancholy
79%
Who voiced Touka Kirishima in the Tokyo Ghoul Dub?Cherami LeighBrina
78%
What is the name of the organisation who's aim is to exterminate ghouls?CCGCCG
77%
In Danganronpa: The Animation, which character is executed first?Mukuro IkusabaLeon Kuwata
53%
In which part of the Black Butler franchise did Arthur appear?KuroshitsujiKuroshitsuji: Book Of Murder
52%
.Mobile Suit Gundam.
9%
.Melancholy.
9%
.Leon Kuwata.
9%
.Kuroshitsuji: Book Of Murder.
9%
.Kuroshitsuji: Book Of Circus.
9%
.Aogiri Tree.
9%
.SOS Brigade.
9%
.Depression.
9%
.Caitlin Glass.
9%
.Steins;Gate.
9%
.One Punch Man.
9%
.Bungou Stray Dogs.
9%
.Brina Palencia.
9%
.Mirai Nikki.
9%
.Death Note.
9%
.Rem.
9%
.Noragami.
9%
.Nisekoi.
9%
.Ryuk.
9%
.Sayaka Maizono.
9%

Score Distribution

Percentile by Number Answered

Percent of People with Each Score

Your Score History

You have not taken this quiz since the last reset